Catálogo
 En Linea

La historia de nuestras bibliotecas. (Registro nro. 58910)

Detalles MARC
000 -CABECERA
campo de control de longitud fija 01233nab a2200241 a 4500
003 - IDENTIFICADOR DEL NÚMERO DE CONTROL
campo de control DO-SdBNP
005 - FECHA Y HORA DE LA ÚLTIMA TRANSACCIÓN
campo de control 20250502085655.0
007 - CAMPO FIJO DE DESCRIPCIÓN FÍSICA--INFORMACIÓN GENERAL
campo de control de longitud fija ta
008 - DATOS DE LONGITUD FIJA--INFORMACIÓN GENERAL
campo de control de longitud fija 250502e2018 dr q||||r||||||0| | spa d
040 ## - FUENTE DE LA CATALOGACIÓN
Centro catalogador/agencia de origen DO-SdBNP
Lengua de catalogación spa
Centro/agencia transcriptor BNPHU
Normas de descripción rda
041 ## - CÓDIGO DE LENGUA
Código de lengua original spa
245 ## - MENCIÓN DE TÍTULO
Título La historia de nuestras bibliotecas.
264 ## - PRODUCCIÓN, PUBLICACIÓN, DISTRIBUCIÓN, FABRICACIÓN Y COPYRIGHT
Producción, publicación, distribución, fabricación y copyright Barahona Provincia, República Dominicana :
Nombre del de productor, editor, distribuidor, fabricante [editor no identificado],
Fecha de producción, publicación, distribución, fabricación o copyright 2018.
300 ## - DESCRIPCIÓN FÍSICA
Extensión paginas: 22-29.
336 ## - TIPO DE CONTENIDO
Término de tipo de contenido texto
Código de tipo de contenido txt
Fuente rdacontent
337 ## - TIPO DE MEDIO
Nombre/término del tipo de medio sin mediación
Código del tipo de medio n
Fuente rdamedia
338 ## - TIPO DE SOPORTE
Nombre/término del tipo de soporte volumen
Código del tipo de soporte nc
Fuente rdacarrier
362 ## - FECHAS DE PUBLICACIÓN Y/O DESIGNACIÓN SECUENCIAL
Fecha de publicación y/o designación secuencial Año 1, Núm 3, septiembre-diciembre 2018.
520 ## - SUMARIO, ETC.
Sumario, etc. Hay en Barahona una red de bibliotecas públicas, privadas e individuales, que atienden una amplia gama del conocimiento. Un gran empuje se ha recibido con la biblioteca del Centro Universitario de la Región Suroeste (Curso) y más reciente con la de UCATEBA. Ambas han sido dotadas de una actualizada bibliografía, mobiliario cómodo y moderno, así como apropiados equipos tecnológicos de consulta.
650 #0 - PUNTO DE ACCESO ADICIONAL DE MATERIA--TÉRMINO DE MATERIA
Término de materia o nombre geográfico como elemento de entrada Biblioteca
9 (RLIN) 7843
Subdivisión de forma Publicaciones periódicas
Subdivisión general Historia
Subdivisión geográfica Barahona, República Dominicana
773 0# - ENLACE AL DOCUMENTO FUENTE/ENTRADA DE REGISTRO ANFITRIÓN
Número bibliográfico anfitrión 58884
Número de ítem anfitrión 323568
Encabezamiento principal Gómez, Wilson
Otro identificador del documento 2025-3885
Título Aquí Barahona :
Número de control del registro 524579
942 ## - ELEMENTOS DE PUNTO DE ACCESO ADICIONAL (KOHA)
Fuente del sistema de clasificación o colocación Dewey Decimal Classification
Tipo de ítem Koha Publicación periódica

No hay ítems disponibles.

Con tecnología Koha